000 00975nam a22003017a 4500
001 BR6700260
003 BR-BrBNA
005 20230928083453.0
007 ta
008 230509b bl.||||| |||| 00| 0 por d
040 _aBR-BrBNA
_bpor
_cBiblioteca Nacional de Agricultura
041 _a(Por)
072 _aF00; Q10
_b1540
_b9310
_b/G514
090 _ 1540 BR6700260
110 1 _aBanco do Nordeste do Brasil S.A., Fortaleza, CE. Depto. de Estudos Economicos do Nordeste
_91157
245 1 _aMandioca, aspectos da cultura e da industria [Manihot esculenta; Brasil]
260 3 _aFortaleza, CE (Brasil):
_c1967.
300 _a289 p.
500 _a19 illus.; 78 tables; 6 Maps, scale 1:3000,000; Bibliography p. 273-289 (337 ref.)
650 _aMANDIOCA
650 _aFARINHA
650 _aPRATICA CULTURAL
650 _aINDUSTRIA ALIMENTICIA
650 _aADUBACAO
650 _aCOMPETICAO DE VARIEDADE
909 _a202309
_bLucia
_c55
_dLucia Elande
942 _cBK
999 _c13655
_d13655